[Event "Aad''s Catalan Schemingmind. tournament"]
[Site "SchemingMind.com"]
[Date "2011.12.03"]
[Round "-"]
[White "jtrochez1"]
[Black "Shanks"]
[Result "1-0"]
[WhiteCountry "HON"]
[BlackCountry "ENG"]
[WhiteElo "1626"]
[WhiteRD "49"]
[BlackElo "1373"]
[BlackRD "65"]
[GameID "298047"]

1. d4 Nf6 2. c4 e6 3. Nf3 d5 4. g3 dxc4 5. Nc3 a6 6. e4 b5 7. Bg2 Bb7 8. e5 Nfd7 9. O-O Nc6 10. d5 Ndxe5
11. dxc6 Nxf3+ 12. Bxf3 Bc8 13. Qxd8+ Kxd8 14. Be3 Bd6 15. Rad1 h5 16. Ne4 f5 17. Nxd6 cxd6 18. Rxd6+ Ke7 19. Rfd1 g6 20. Bc5 Kf7
21. c7 Re8 22. Bxa8 e5 23. Rd8 Rxd8 24. cxd8=Q Be6 25. Qe7+
1-0

[Event "Aad''s Catalan Schemingmind. tournament"]
[Site "SchemingMind.com"]
[Date "2011.12.05"]
[Round "-"]
[White "Shanks"]
[Black "jtrochez1"]
[Result "0-1"]
[WhiteCountry "ENG"]
[BlackCountry "HON"]
[WhiteElo "1378"]
[WhiteRD "64"]
[BlackElo "1656"]
[BlackRD "48"]
[GameID "298048"]

1. d4 Nf6 2. c4 e6 3. Nf3 d5 4. g3 dxc4 5. Qa4+ Nbd7 6. Bg2 Bd6 7. Qxc4 Nb6 8. Qc2 h6 9. O-O Bd7 10. e4 Be7
11. e5 Nfd5 12. a3 O-O 13. Nbd2 Rc8 14. Ne4 Bb5 15. Re1 Qd7 16. h4 Qd8 17. Bd2 f5 18. Nc3 Be8 19. Ne4 c5 20. dxc5 fxe4
21. Rxe4 Bg6 22. Nd4 Qd7 23. Nf3 Rxc5 24. Qb1 Bxe4 25. Qxe4 Rc4 26. Qe1 Rcc8 27. Rc1 Rxc1 28. Bxc1 Qa4 29. Nd2 Nd7 30. Bxd5 exd5
31. Nb1 Qg4 32. Qd2 Nb6 33. Qe3 Bxh4 34. Nd2 Qd1+ 35. Nf1 Nc4 36. Qc3 Bxg3 37. fxg3 Qxf1+ 38. Kh2 Rf2#
0-1

[Event "Aad''s Catalan Schemingmind. tournament"]
[Site "SchemingMind.com"]
[Date "2011.12.04"]
[Round "-"]
[White "eun77"]
[Black "jtrochez1"]
[Result "0-1"]
[WhiteCountry "ISR"]
[BlackCountry "HON"]
[WhiteElo "1329"]
[WhiteRD "80"]
[BlackElo "1626"]
[BlackRD "49"]
[GameID "298070"]

1. d4 Nf6 2. c4 e6 3. Nf3 d5 4. g3 dxc4 5. Qa4+ Nbd7 6. Qxc4 h6 7. Bg2 Nb6 8. Qc2 Bd6 9. O-O c6 10. e3 O-O
11. b3 Bd7 12. Ne5 Bxe5 13. dxe5 Nfd5 14. f4 Nb4 15. Qe2 Rc8 16. Nc3 N4d5 17. Nxd5 cxd5
0-1

[Event "Aad''s Catalan Schemingmind. tournament"]
[Site "SchemingMind.com"]
[Date "2011.12.05"]
[Round "-"]
[White "eun77"]
[Black "Shanks"]
[Result "0-1"]
[WhiteCountry "ISR"]
[BlackCountry "ENG"]
[WhiteElo "1313"]
[WhiteRD "70"]
[BlackElo "1378"]
[BlackRD "64"]
[GameID "298071"]

1. d4 Nf6 2. c4 e6 3. Nf3 d5 4. g3 dxc4 5. Qa4+ c6 6. Qxc4 Nbd7 7. Bg2 h6 8. O-O Nb6 9. Qc2 Nfd5 10. Ne5 Be7
11. Bxd5 cxd5 12. b3 Bf6 13. a4 a5 14. Qd2 Nd7
0-1

[Event "Aad''s Catalan Schemingmind. tournament"]
[Site "SchemingMind.com"]
[Date "2011.12.04"]
[Round "-"]
[White "jtrochez1"]
[Black "eun77"]
[Result "1-0"]
[WhiteCountry "HON"]
[BlackCountry "ISR"]
[WhiteElo "1626"]
[WhiteRD "49"]
[BlackElo "1329"]
[BlackRD "80"]
[GameID "298072"]

1. d4 Nf6 2. c4 e6 3. Nf3 d5 4. g3 dxc4 5. Nc3 h6 6. Qc2 a6 7. Bg2 Bb4 8. Bd2 Bxc3 9. bxc3 O-O 10. h4 Ng4
11. e4 b5 12. e5 h5 13. Ng5 g6 14. f3 Nh6 15. Qe4 Ra7 16. Nh3 Qd5 17. Qxd5 exd5 18. Bxh6
1-0

[Event "Aad''s Catalan Schemingmind. tournament"]
[Site "SchemingMind.com"]
[Date "2011.12.05"]
[Round "-"]
[White "Shanks"]
[Black "eun77"]
[Result "1-0"]
[WhiteCountry "ENG"]
[BlackCountry "ISR"]
[WhiteElo "1378"]
[WhiteRD "64"]
[BlackElo "1313"]
[BlackRD "70"]
[GameID "298073"]

1. d4 Nf6 2. c4 e6 3. Nf3 d5 4. g3 dxc4 5. Nc3 Bb4 6. Bd2 Bxc3 7. bxc3 h6 8. Bg2 O-O 9. O-O Nc6 10. a3 Na5
11. Rb1 a6 12. Re1 Rb8 13. e4 Nb3 14. Bf4 b5 15. e5 Nd5 16. Bc1 Nxc1 17. Qxc1 Bb7 18. Nd2 Ne7 19. Ne4 Bxe4 20. Bxe4 Ng6
21. Bg2
1-0

[Event "Aad''s Catalan Schemingmind. tournament"]
[Site "SchemingMind.com"]
[Date "2011.12.08"]
[Round "-"]
[White "keen"]
[Black "jtrochez1"]
[Result "1/2-1/2"]
[WhiteCountry "SCO"]
[BlackCountry "HON"]
[WhiteElo "1646"]
[WhiteRD "64"]
[BlackElo "1626"]
[BlackRD "49"]
[GameID "298705"]

1. d4 Nf6 2. c4 e6 3. Nf3 d5 4. g3 dxc4 5. Bg5 Nc6 6. Bg2 Be7 7. Qa4 Nd5 8. Bxe7 Qxe7 9. Qxc4 Qb4+ 10. Qxb4 Ndxb4
11. Na3 O-O 12. O-O a6 13. Rac1 Nxa2 14. Rc4 Nab4 15. Rfc1 Nd5 16. e4 Nb6 17. R4c3 Bd7 18. d5 exd5 19. exd5 Nxd5 20. Rd3 Be6
21. Ng5 Rad8 22. Rc5 h6 23. Bxd5 Bxd5 24. Nh3 Be6 25. Rxd8 Rxd8 26. Nf4 g6 27. Nxe6 fxe6 28. Rc1 Kf7 29. Nc4 b5 30. Ne3 Rd6
31. Ng4 Kg7 32. Rc2 a5 33. Rc5 b4 34. Ne3 Rd7 35. Rxc6 Rd2 36. Rxc7+ Kf6 37. Rc2 Rxc2 38. Nxc2 e5 39. Ne3 b3 40. Ng4+ Kf5
41. Nxh6+ Ke4 42. Ng4 a4 43. Ne3 a3 44. Nc4 axb2 45. Nxb2 Kd4 46. Kf1 Kc3 47. Na4+ Kb4 48. Nb2 Kc3 49. Na4+ Kb4 50. Nb2=
1/2-1/2

[Event "Aad''s Catalan Schemingmind. tournament"]
[Site "SchemingMind.com"]
[Date "2011.12.13"]
[Round "-"]
[White "keen"]
[Black "Shanks"]
[Result "1-0"]
[WhiteCountry "SCO"]
[BlackCountry "ENG"]
[WhiteElo "1651"]
[WhiteRD "59"]
[BlackElo "1378"]
[BlackRD "64"]
[GameID "298706"]

1. d4 Nf6 2. c4 e6 3. Nf3 d5 4. g3 dxc4 5. Bg2 c6 6. O-O b5 7. Ne5 Bb7 8. Nc3 Na6 9. Nxc6 Bxc6 10. Bxc6+ Ke7
11. Bxa8 Qxa8 12. Nxb5 Nd5 13. e4 Nb6 14. Re1 g6 15. Bf4 Rg8 16. d5 Ke8 17. dxe6 fxe6 18. Qg4 Qc8 19. Rad1 h5 20. Qg5 Be7
21. Qe5 Kf7 22. Bg5 Bxg5 23. Nd6+ Ke7 24. Nxc8+ Nxc8 25. Qxg5+ Kf7 26. Rd7+
1-0

[Event "Aad''s Catalan Schemingmind. tournament"]
[Site "SchemingMind.com"]
[Date "2011.12.13"]
[Round "-"]
[White "keen"]
[Black "eun77"]
[Result "1-0"]
[WhiteCountry "SCO"]
[BlackCountry "ISR"]
[WhiteElo "1651"]
[WhiteRD "59"]
[BlackElo "1313"]
[BlackRD "70"]
[GameID "298707"]

1. d4 Nf6 2. c4 e6 3. Nf3 d5 4. g3 dxc4 5. Bg2 h6 6. Qa4+ Qd7 7. Qxc4 Bd6 8. O-O O-O 9. Nc3 c6 10. e4 b5
11. Qe2 Ba6 12. Qc2 Nh7 13. e5 Be7 14. h4 b4 15. Ne2 Bxe2 16. Qxe2 a5 17. Qc2 f5 18. exf6 Bxf6 19. Be3 Qf7 20. Ne5 Bxe5
21. dxe5 Ra6 22. Rad1 Rc8 23. Rd6 Qf5 24. Be4 Qxe5 25. Bxh7+ Kh8 26. Bf4
1-0

[Event "Aad''s Catalan Schemingmind. tournament"]
[Site "SchemingMind.com"]
[Date "2011.12.09"]
[Round "-"]
[White "jtrochez1"]
[Black "keen"]
[Result "0-1"]
[WhiteCountry "HON"]
[BlackCountry "SCO"]
[WhiteElo "1626"]
[WhiteRD "49"]
[BlackElo "1646"]
[BlackRD "64"]
[GameID "298708"]

1. d4 Nf6 2. c4 e6 3. Nf3 d5 4. g3 dxc4 5. Qa4+ Nc6 6. Nc3 Bd7 7. Qxc4 Be7 8. e4 O-O 9. a3 Na5 10. Qa2 c5
11. Bd3 cxd4 12. Nxd4 Be8 13. Bf4 Qxd4 14. Qb1 Ng4 15. O-O Nb3 16. Ne2 Qb6 17. Ra2 e5 18. Bc1 Bc5 19. Qc2 Bxf2+ 20. Kh1 Ba4
21. Nc3 Nxc1 22. Qxc1 Be3 23. Qb1 Qh6 24. b4 Bc6 25. b5 Bd7 26. Nd5 Bc5 27. a4 a6 28. b6 Bxa4 29. Qc1 Bb3 30. Qxh6 Nxh6
31. Rg2 Ng4 32. h4 Ne3 33. Nxe3 Bxe3 34. g4 Rad8 35. Bb1 Ba4 36. Bc2 Bb5 37. Rb1 Bxb6 38. g5 Rd6 39. h5 Be3 40. g6 hxg6
41. hxg6 Rxg6 42. Rxg6 fxg6 43. Bb3+ Kh7 44. Bd5 b6
0-1

[Event "Aad''s Catalan Schemingmind. tournament"]
[Site "SchemingMind.com"]
[Date "2011.12.13"]
[Round "-"]
[White "Shanks"]
[Black "keen"]
[Result "0-1"]
[WhiteCountry "ENG"]
[BlackCountry "SCO"]
[WhiteElo "1378"]
[WhiteRD "64"]
[BlackElo "1651"]
[BlackRD "59"]
[GameID "298709"]

1. d4 Nf6 2. c4 e6 3. Nf3 d5 4. g3 dxc4 5. Qa4+ Nc6 6. Qxc4 g6 7. Bg2 Bg7 8. O-O O-O 9. Nc3 Na5 10. Qd3 Rb8
11. b4 Nc6 12. b5 Nb4 13. Qc4 Nbd5 14. Nxd5 Nxd5 15. e4 Nb6 16. Qd3 c5 17. bxc6 bxc6 18. Be3 c5 19. e5 cxd4 20. Bf4 Nd5
21. Bg5 Qa5 22. h4 Ba6 23. Qd2 Qxd2 24. Bxd2 Bxf1 25. Kxf1 Rb2 26. Be1 d3 27. Bd2 Rc8 28. Rd1 Rxa2 29. Kg1 Rcc2 30. Kh2 Bf8
31. Rb1 Rxd2 32. Nxd2 Rxd2 33. Bxd5 exd5 34. Kg2 Bc5 35. Rb8+ Kg7 36. Rd8 Rxf2+ 37. Kh3 d4 38. Rd5 d2 39. Rxc5 d1=Q 40. Rc7 h5
41. Rxa7 Qh1#
0-1

[Event "Aad''s Catalan Schemingmind. tournament"]
[Site "SchemingMind.com"]
[Date "2011.12.13"]
[Round "-"]
[White "eun77"]
[Black "keen"]
[Result "0-1"]
[WhiteCountry "ISR"]
[BlackCountry "SCO"]
[WhiteElo "1313"]
[WhiteRD "70"]
[BlackElo "1651"]
[BlackRD "59"]
[GameID "298710"]

1. d4 Nf6 2. c4 e6 3. Nf3 d5 4. g3 dxc4 5. Bg2 g6 6. Qa4+ Qd7 7. Qxd7+ Nbxd7 8. O-O Bg7 9. e3 O-O 10. Nc3 c6
11. Ne5 Nd5 12. Nxd7 Bxd7 13. Nxd5 cxd5 14. Bd2 Rab8 15. Bc3 b5 16. a3 Rfc8 17. h4 Bf8 18. Rab1 b4 19. axb4 Bxb4 20. Bxb4 Rxb4
21. Rfc1 Rcb8 22. Bf3 Rxb2 23. Rxb2 Rb6 24. Rxb6 axb6 25. Bd1 b5 26. Ra1 Kf8
0-1

[Event "Aad''s Catalan Schemingmind. tournament"]
[Site "SchemingMind.com"]
[Date "2011.12.14"]
[Round "-"]
[White "maro"]
[Black "jtrochez1"]
[Result "0-1"]
[WhiteCountry "MEX"]
[BlackCountry "HON"]
[WhiteElo "1405"]
[WhiteRD "58"]
[BlackElo "1656"]
[BlackRD "48"]
[GameID "298777"]

1. d4 Nf6 2. c4 e6 3. Nf3 d5 4. g3 dxc4 5. e3 Nc6 6. Bxc4 h6 7. O-O Be7 8. Nc3 a6 9. a4 O-O 10. a5 Nh7
11. Bd3 f5 12. e4 Nxd4 13. Nxd4 Qxd4 14. Be3 Qd8 15. exf5 exf5 16. Bc4+ Kh8 17. Nd5 Bd7 18. Nf4 Rf6 19. Nh5 Rd6 20. Bd4 Nf6
21. Nxf6 Bxf6 22. Qh5 Rxd4 23. Qf7 Bb5 24. Bxb5 axb5 25. Qe6 Qd7 26. Rfe1 Rd6 27. Qxd7 Rxd7 28. Ra2 c5 29. b4 c4 30. Rae2 Bc3
0-1

[Event "Aad''s Catalan Schemingmind. tournament"]
[Site "SchemingMind.com"]
[Date "2011.12.14"]
[Round "-"]
[White "maro"]
[Black "keen"]
[Result "0-1"]
[WhiteCountry "MEX"]
[BlackCountry "SCO"]
[WhiteElo "1385"]
[WhiteRD "55"]
[BlackElo "1646"]
[BlackRD "64"]
[GameID "298778"]

1. d4 Nf6 2. c4 e6 3. Nf3 d5 4. g3 dxc4 5. e3 b6 6. Bxc4 Bb7 7. O-O Be7 8. Nc3 O-O 9. b3 c5 10. dxc5 Bxc5
11. Qxd8 Rxd8 12. Bb2 Bxf3
0-1

[Event "Aad''s Catalan Schemingmind. tournament"]
[Site "SchemingMind.com"]
[Date "2011.12.14"]
[Round "-"]
[White "maro"]
[Black "Shanks"]
[Result "0-1"]
[WhiteCountry "MEX"]
[BlackCountry "ENG"]
[WhiteElo "1371"]
[WhiteRD "58"]
[BlackElo "1432"]
[BlackRD "63"]
[GameID "298779"]

1. d4 Nf6 2. c4 e6 3. Nf3 d5 4. g3 dxc4 5. e3 c5 6. Bxc4 Nbd7 7. O-O Nb6 8. Na3 Bd6 9. dxc5 Bxc5 10. Qxd8+ Kxd8
11. Rd1+ Bd7 12. Nb5 Nxc4 13. b3 Nb6 14. e4 Nxe4 15. Ne5 Ke8 16. Nd4 Bxd4 17. Rxd4 Nf6 18. Ba3 Nbd5 19. Bd6 b5 20. a3 h5
21. a4 bxa4 22. bxa4 a5 23. Rb1 Nc3 24. Rb8+ Rxb8 25. Bxb8 Ne2+
0-1

[Event "Aad''s Catalan Schemingmind. tournament"]
[Site "SchemingMind.com"]
[Date "2011.12.14"]
[Round "-"]
[White "maro"]
[Black "eun77"]
[Result "1-0"]
[WhiteCountry "MEX"]
[BlackCountry "ISR"]
[WhiteElo "1405"]
[WhiteRD "58"]
[BlackElo "1313"]
[BlackRD "70"]
[GameID "298780"]

1. d4 Nf6 2. c4 e6 3. Nf3 d5 4. g3 dxc4 5. e3 b5 6. Nc3 a6 7. a4 b4 8. Na2 b3 9. Nc3 a5 10. Bxc4 Bb4
11. Bd2 O-O 12. O-O Bxc3 13. Bxc3 Ba6 14. Bxa6
1-0

[Event "Aad''s Catalan Schemingmind. tournament"]
[Site "SchemingMind.com"]
[Date "2011.12.14"]
[Round "-"]
[White "jtrochez1"]
[Black "maro"]
[Result "1-0"]
[WhiteCountry "HON"]
[BlackCountry "MEX"]
[WhiteElo "1626"]
[WhiteRD "49"]
[BlackElo "1385"]
[BlackRD "55"]
[GameID "298781"]

1. d4 Nf6 2. c4 e6 3. Nf3 d5 4. g3 dxc4 5. Qa4+ Bd7 6. Qxc4 a6 7. Qc2 Bd6 8. e4 Ng4 9. Bg2 O-O 10. e5 Bb4+
11. Bd2 Nc6 12. Nc3 Bxc3 13. Bxc3 b5 14. O-O b4 15. Bd2 Qb8 16. b3 Qa7 17. Be3 Nxe3 18. fxe3 Ne7 19. Ng5 g6 20. Bxa8 Qxa8
21. Qxc7 Bb5 22. Qxe7 Bxf1 23. Rxf1 f5 24. Qxh7#
1-0

[Event "Aad''s Catalan Schemingmind. tournament"]
[Site "SchemingMind.com"]
[Date "2011.12.14"]
[Round "-"]
[White "keen"]
[Black "maro"]
[Result "1-0"]
[WhiteCountry "SCO"]
[BlackCountry "MEX"]
[WhiteElo "1646"]
[WhiteRD "64"]
[BlackElo "1385"]
[BlackRD "55"]
[GameID "298782"]

1. d4 Nf6 2. c4 e6 3. Nf3 d5 4. g3 dxc4 5. Qa4+ Bd7 6. Qxc4 a6 7. Bg2 Bb5 8. Qc2 Qd5 9. Nc3 g6 10. Nxd5 Nxd5
11. e4 Nb4 12. Qxc7 Nd3+ 13. Kd2 Bb4+ 14. Ke3 O-O 15. a3
1-0

[Event "Aad''s Catalan Schemingmind. tournament"]
[Site "SchemingMind.com"]
[Date "2011.12.14"]
[Round "-"]
[White "Shanks"]
[Black "maro"]
[Result "1-0"]
[WhiteCountry "ENG"]
[BlackCountry "MEX"]
[WhiteElo "1432"]
[WhiteRD "63"]
[BlackElo "1371"]
[BlackRD "58"]
[GameID "298783"]

1. d4 Nf6 2. c4 e6 3. Nf3 d5 4. g3 dxc4 5. Qa4+ c6 6. Qxc4 b5 7. Qc2 Bd7 8. Bg2 Qa5+ 9. Bd2 Bb4 10. Bxb4 Qxb4+
11. Nc3 O-O 12. O-O c5 13. a3 Qa5 14. dxc5 Bc6 15. b4 Qc7 16. e4 Rd8 17. Rfe1 Nbd7 18. Rad1 Qb7 19. Rd3 Bxe4 20. Nxe4 Nxe4
21. c6 Qc7 22. Rxe4 Nf6 23. Re2 Rxd3 24. Ne5 Rd6 25. Kh1 Rad8 26. h3 Rd1+ 27. Kh2 Ra1 28. Nd3 Rxa3 29. Nc5 Nd5 30. Bxd5 exd5
31. Nd7 d4 32. Re4 Rc3 33. Qe2 Rxc6 34. Re8+
1-0

[Event "Aad''s Catalan Schemingmind. tournament"]
[Site "SchemingMind.com"]
[Date "2011.12.14"]
[Round "-"]
[White "eun77"]
[Black "maro"]
[Result "0-1"]
[WhiteCountry "ISR"]
[BlackCountry "MEX"]
[WhiteElo "1313"]
[WhiteRD "70"]
[BlackElo "1405"]
[BlackRD "58"]
[GameID "298784"]

1. d4 Nf6 2. c4 e6 3. Nf3 d5 4. g3 dxc4 5. Qa4+ Bd7 6. Qd1 a5 7. Bg2 Bb4+ 8. Bd2 Bxd2+ 9. Nbxd2 b5 10. O-O O-O
11. Ne5 c6 12. Nxd7 Nbxd7 13. Bxc6 Rc8
0-1

[Event "Aad''s Catalan Schemingmind. tournament"]
[Site "SchemingMind.com"]
[Date "2011.12.20"]
[Round "-"]
[White "ampp"]
[Black "jtrochez1"]
[Result "0-1"]
[WhiteCountry "POR"]
[BlackCountry "HON"]
[WhiteElo "1120"]
[WhiteRD "77"]
[BlackElo "1626"]
[BlackRD "49"]
[GameID "299456"]

1. d4 Nf6 2. c4 e6 3. Nf3 d5 4. g3 dxc4 5. Bg2 Nc6 6. O-O h6 7. e3 Bd6 8. Nc3 O-O 9. Re1 Nb4 10. a3 Nd3
11. Re2 c6 12. Ne1 Nxe1 13. Rxe1 Nd5 14. Bd2 b5 15. e4 Nxc3 16. bxc3 a5 17. e5 Be7 18. Bxc6 Rb8 19. Rb1 Ba6 20. a4 b4
21. cxb4 axb4 22. Qg4 Kh7 23. Be4+ g6 24. f4 h5 25. Qf3 b3 26. Bc3 Qc7 27. a5 Bb7 28. Ra1 Bxe4 29. Qxe4 Bb4 30. Rec1 Qb7
31. Qe3 Bxc3 32. Rxc3 Qa6 33. Qc1 b2
0-1

[Event "Aad''s Catalan Schemingmind. tournament"]
[Site "SchemingMind.com"]
[Date "2011.12.20"]
[Round "-"]
[White "ampp"]
[Black "keen"]
[Result "0-1"]
[WhiteCountry "POR"]
[BlackCountry "SCO"]
[WhiteElo "1120"]
[WhiteRD "77"]
[BlackElo "1646"]
[BlackRD "64"]
[GameID "299457"]

1. d4 Nf6 2. c4 e6 3. Nf3 d5 4. g3 dxc4 5. Bg2 Be7 6. O-O O-O 7. Qc2 Nc6 8. Qxc4 Rb8 9. Nc3 Bd7 10. e4 Na5
11. Qd3 b6 12. e5 Nd5 13. a3 Bc6 14. Nxd5 Bxd5 15. b4 Nb3 16. Rb1 Nxc1 17. Rbxc1 Qc8 18. Rc2 Qb7 19. Rfc1 Be4 20. Qe3 Bxc2
21. Rxc2 Rbc8 22. Ng5 Qb8 23. Bh3 Rfd8 24. Qe4 Bxg5 25. f4 Be7 26. Rf2 Rd5
0-1

[Event "Aad''s Catalan Schemingmind. tournament"]
[Site "SchemingMind.com"]
[Date "2011.12.24"]
[Round "-"]
[White "ampp"]
[Black "Shanks"]
[Result "0-1"]
[WhiteCountry "POR"]
[BlackCountry "ENG"]
[WhiteElo "1235"]
[WhiteRD "75"]
[BlackElo "1378"]
[BlackRD "64"]
[GameID "299458"]

1. d4 Nf6 2. c4 e6 3. Nf3 d5 4. g3 dxc4 5. Bg2 c6 6. O-O b5 7. Nc3 b4 8. Na4 a5 9. Bd2 Bd7 10. b3 c3
11. Nxc3 bxc3 12. Bxc3 Nd5 13. Bd2 Na6 14. Ne5 Qc7 15. Nxd7 Qxd7 16. Re1 Nac7 17. e4 Nb4 18. Bxb4 Bxb4 19. Re2 Rc8 20. a3 Be7
21. d5 cxd5 22. exd5 O-O 23. a4 Bd6 24. dxe6 Nxe6 25. Rc1 Rxc1 26. Qxc1 Nc5 27. Rd2 Nxb3
0-1

[Event "Aad''s Catalan Schemingmind. tournament"]
[Site "SchemingMind.com"]
[Date "2011.12.19"]
[Round "-"]
[White "ampp"]
[Black "maro"]
[Result "1/2-1/2"]
[WhiteCountry "POR"]
[BlackCountry "MEX"]
[WhiteElo "1120"]
[WhiteRD "77"]
[BlackElo "1385"]
[BlackRD "55"]
[GameID "299459"]

1. d4 Nf6 2. c4 e6 3. Nf3 d5 4. g3 dxc4 5. Bg2 Bd6 6. O-O O-O 7. Nc3 Bb4 8. Bd2 c5 9. a3 Bxc3 10. Bxc3 Nc6
11. Qa4 Bd7 12. Qxc4 Na5 13. Bxa5 Qxa5 14. Ne5 Bb5 15. Qxc5 b6 16. Qc1 Bxe2 17. Bxa8 Bxf1 18. Qxf1 Rxa8 19. b4 Qd5 20. Qc4 Qe4
21. Rd1 Nd5 22. Qd3 f5 23. Qxe4 fxe4 24. Re1 Nc3 25. Rf1 Ne2+ 26. Kg2 Nxd4 27. Rd1 Nc2 28. Nc4 Rc8 29. Ne3 Nxa3 30. Ra1 Nb5
31. Rd1 Nc3 32. Rc1 Kf7 33. f3=
1/2-1/2

[Event "Aad''s Catalan Schemingmind. tournament"]
[Site "SchemingMind.com"]
[Date "2011.12.20"]
[Round "-"]
[White "ampp"]
[Black "eun77"]
[Result "1-0"]
[WhiteCountry "POR"]
[BlackCountry "ISR"]
[WhiteElo "1235"]
[WhiteRD "75"]
[BlackElo "1313"]
[BlackRD "70"]
[GameID "299460"]

1. d4 Nf6 2. c4 e6 3. Nf3 d5 4. g3 dxc4 5. Bg2 Bb4+ 6. Bd2 Bxd2+ 7. Qxd2 O-O 8. Nc3 c6 9. O-O h6 10. a3 a6
11. Rfe1 Nh7 12. e4 b5 13. d5 cxd5 14. exd5 exd5 15. Nxd5 Ra7 16. Nc3 Qxd2 17. Nxd2 Rd7 18. Nde4 Bb7 19. Nc5 Bxg2 20. Kxg2 Rd2
21. b3 Rfd8 22. b4 Nf6 23. a4 bxa4 24. Rxa4 Rc2 25. Ne2 Rdd2 26. Kf1 Nc6 27. Rxa6
1-0

[Event "Aad''s Catalan Schemingmind. tournament"]
[Site "SchemingMind.com"]
[Date "2011.12.23"]
[Round "-"]
[White "jtrochez1"]
[Black "ampp"]
[Result "1-0"]
[WhiteCountry "HON"]
[BlackCountry "POR"]
[WhiteElo "1626"]
[WhiteRD "49"]
[BlackElo "1120"]
[BlackRD "77"]
[GameID "299461"]

1. d4 Nf6 2. c4 e6 3. Nf3 d5 4. g3 dxc4 5. Qa4+ Bd7 6. Qxc4 Be7 7. Bg2 Nc6 8. Nc3 O-O 9. O-O a6 10. Qd3 h6
11. e4 Qc8 12. a3 Na5 13. e5 Nd5 14. Re1 Nxc3 15. Qxc3 b6 16. b4 Nb7 17. a4 b5 18. a5 Rb8 19. Be3 f6 20. exf6 Bxf6
21. Ne5 Bxe5 22. dxe5 Nd8 23. Ba7
1-0

[Event "Aad''s Catalan Schemingmind. tournament"]
[Site "SchemingMind.com"]
[Date "2011.12.23"]
[Round "-"]
[White "keen"]
[Black "ampp"]
[Result "1-0"]
[WhiteCountry "SCO"]
[BlackCountry "POR"]
[WhiteElo "1646"]
[WhiteRD "64"]
[BlackElo "1120"]
[BlackRD "77"]
[GameID "299462"]

1. d4 Nf6 2. c4 e6 3. Nf3 d5 4. g3 dxc4 5. Qa4+ Bd7 6. Qxc4 Be7 7. Bg2 Nc6 8. Nc3 O-O 9. O-O h6 10. e4 Re8
11. Be3 a6 12. Rad1 b5 13. Qd3 Nb4 14. Qd2 Rc8 15. a3 Nc6 16. h3 Rb8 17. Ne5 Nxe5 18. dxe5 Nh5 19. Qxd7
1-0

[Event "Aad''s Catalan Schemingmind. tournament"]
[Site "SchemingMind.com"]
[Date "2011.12.23"]
[Round "-"]
[White "Shanks"]
[Black "ampp"]
[Result "1-0"]
[WhiteCountry "ENG"]
[BlackCountry "POR"]
[WhiteElo "1373"]
[WhiteRD "65"]
[BlackElo "1120"]
[BlackRD "77"]
[GameID "299463"]

1. d4 Nf6 2. c4 e6 3. Nf3 d5 4. g3 dxc4 5. Qa4+ Bd7 6. Qxc4 Be7 7. Bg2 Nc6 8. O-O O-O 9. a3 a6 10. Qd3 h6
11. Nc3 b5 12. b4 a5 13. Nxb5 axb4 14. a4 Nd5 15. e4 Nc3 16. Nxc3 bxc3 17. Qxc3 Rb8 18. Qe3 Re8 19. Ba3 Bxa3 20. Rxa3 e5
21. d5 Ne7 22. Nxe5 Bc8 23. Rc1 Qd6 24. Nc4 Qd7 25. Qf3 c6 26. Ne5
1-0

[Event "Aad''s Catalan Schemingmind. tournament"]
[Site "SchemingMind.com"]
[Date "2011.12.23"]
[Round "-"]
[White "maro"]
[Black "ampp"]
[Result "1-0"]
[WhiteCountry "MEX"]
[BlackCountry "POR"]
[WhiteElo "1385"]
[WhiteRD "55"]
[BlackElo "1120"]
[BlackRD "77"]
[GameID "299464"]

1. d4 Nf6 2. c4 e6 3. Nf3 d5 4. g3 dxc4 5. Qa4+ Bd7 6. Qxc4 Nc6 7. Nc3 Bd6 8. d5 exd5 9. Nxd5 O-O 10. Bg5 Ne5
11. Nxe5 Bxe5 12. Bg2 Rc8 13. f4 Bxb2 14. Rb1 c6 15. Nxf6+ Bxf6 16. Bxf6 Qxf6 17. Rxb7 Rfe8 18. Rxd7 Qa1+ 19. Kf2 Qf6 20. Rxa7
1-0

[Event "Aad''s Catalan Schemingmind. tournament"]
[Site "SchemingMind.com"]
[Date "2011.12.23"]
[Round "-"]
[White "eun77"]
[Black "ampp"]
[Result "0-1"]
[WhiteCountry "ISR"]
[BlackCountry "POR"]
[WhiteElo "1329"]
[WhiteRD "80"]
[BlackElo "1120"]
[BlackRD "77"]
[GameID "299465"]

1. d4 Nf6 2. c4 e6 3. Nf3 d5 4. g3 dxc4 5. Qa4+ Bd7 6. Qxc4 Nc6 7. e3 a6 8. Bg2 Be7 9. O-O b5 10. Qe2 O-O
11. Ne5 Nxe5
0-1